Statistics for Most Streamed Rap Songs on Spotify

Click here to take the quiz!

General Stats

  • This quiz has been taken 137 times
  • The average score is 41 of 50

Answer Stats

SongArtist% Correct
God's PlanDrake
100%
SICKO MODETravis Scott
98%
goosebumpsTravis Scott
98%
HUMBLE.Kendrick Lamar
97%
Lose YourselfEminem
96%
Lucid DreamsJuice WRLD
96%
rockstarPost Malone / 21 Savage
96%
The Real Slim ShadyEminem
95%
No Role ModelzJ. Cole
95%
HIGHEST IN THE ROOMTravis Scott
94%
Still D.R.EDr. Dre / Snoop Dogg
93%
Mask OffFuture
92%
CongratulationsPost Malone / Quavo
92%
The BoxRoddy Ricch
92%
SAD!XXXTENTACION
92%
Ni**as In ParisJAY-Z / Kanye West
91%
XO Tour Llif3Lil Uzi Vert
90%
BUTTERFLY EFFECTTravis Scott
88%
MoonlightXXXTENTACION
88%
Hotline BlingDrake
87%
GodzillaEminem / Juice WRLD
87%
In Da Club50 Cent
86%
Till I CollapseEminem / Nate Dogg
86%
Jocelyn FloresXXXTENTACION
86%
WAPCardi B / Megan Thee Stallion
85%
All Girls Are The SameJuice WRLD
82%
RansomLil Tecca
82%
Look At Me!XXXTENTACION
82%
StrongerKanye West
81%
Gangsta's ParadiseCoolio / L.V.
79%
Life Is GoodFuture / Drake
78%
Without MeEminem
77%
Drip Too HardLil Baby / Gunna
77%
In My FeelingsDrake
76%
Blueberry FaygoLil Mosey
75%
ROCKSTARDaBaby / Roddy Ricch
73%
Love The Way You LieEminem / Rihanna
73%
RobberyJuice WRLD
73%
F**k LoveXXXTENTACION / Trippie Redd
73%
Ric Flair DripOffset / Metro Boomin
72%
PandaDesiigner
71%
Everybody Dies in Their NightmaresXXXTENTACION
70%
LemonadeInternet Money / Gunna / Don Toliver / NAV
68%
Young, Wild & FreeSnoop Dogg / Wiz Khalifa / Bruno Mars
68%
changesXXXTENTACION
68%
HopeXXXTENTACION
68%
UnforgettableFrench Montana / Swae Lee
64%
Nice For WhatDrake
58%
I'm the OneDJ Khaled / Justin Bieber / Quavo / Lil Wayne / Chance the Rapper
57%
TasteTyga / Offset
56%

Score Distribution

Percentile by Number Answered

Percent of People with Each Score

Your Score History

You have not taken this quiz